| 000 | 00668nam a2200217 u 4500 | ||
|---|---|---|---|
| 005 | 20240524063644.0 | ||
| 008 | 150508s1997 r 000 0 eng d | ||
| 020 | _a848533499X | ||
| 035 | _aUPN01000203331 | ||
| 049 | _aI | ||
| 050 | 4 |
_aPZ34.9 _bJ6.6 |
|
| 100 | 1 |
_aJohansen, Hanna, _d1939- _937282 |
|
| 245 | 1 | 3 |
_aEl pes / _cHanna Johansen ; il. Rotraut Susanne Berner ; tr. L. Rodríguez López. |
| 260 |
_aSalamanca, Esp. : _bLóguez, _c1997. |
||
| 300 |
_a26 p. : _bil. col. |
||
| 534 |
_pTítulo original: _tDer füsch |
||
| 650 | 0 |
_aLiteratura infantil alemana _99171 |
|
| 650 | 4 |
_aImaginación en niños _912146 |
|
| 905 | _aInfantil | ||
| 999 |
_c175432 _d175432 |
||